000 00590nam a2200241Ia 4500
003 OSt
005 20221005132357.0
006 a|||||r|||| 00| 0
007 ta
008 221004b |||||||| |||| 00| 0 eng d
024 _a40082
037 _cTextual
040 _aCRL
_cCRL
_beng
041 _2eng
_aeng
082 _aO:6I11w, J8
100 _aBradbrook M C
245 0 _aThomas Malory
260 _c1958
490 _aWriters and their work; 95
650 _aENGLISH LITERATURE
942 _hO:6I11w, J8
_cTEXL
_2cc
999 _c1063431
_d1063431